Statistics for Maryland Geography

Click here to take the quiz!

General Stats

  • This quiz has been taken 72 times
  • The average score is 8 of 15

Answer Stats

HintAnswer% Correct
CapitalAnnapolis
98%
Largest cityBaltimore
97%
Border with PennsylvaniaMason Dixon Line
74%
Mountain Range in Western MarylandAppalachian Mountains
72%
State beachOcean City
72%
Birthplace of the U.S. national anthemFort McHenry
53%
Westernmost countyGarrett County
52%
Wild HorsesAssateague Island
50%
State NicknameOld Line State
50%
Battle fought in 1862 near SharpsburgBattle of Antietam
34%
Largest City in Carroll countyWestminster
34%
Western Maryland RailroadCumberland
21%
City with the shortest north south distance from PA to WV (1.8 miles)Hancock
21%
First capitalSt Mary’s city
17%
A tributary to the Potomac River that starts in southern Frederick CountyMonocacy River
16%

Score Distribution

Percentile by Number Answered

Percent of People with Each Score

Your Score History

You have not taken this quiz